Schiffe der deutschen Marine im zweiten Weltkrieg - Statistiken

Allgemein
  • Dieses Quiz wurde 284 mal gespielt
  • Das Durchschnittsergebnis liegt bei 5 aus 9
Antwortstatistiken
Schiffstyp Name % Korrekt
Schlachtschiff Bismarck
97%
Schlachtschiff Tirpitz
77%
Schlachtschiff Scharnhorst
66%
Flugzeugträger Graf Zeppelin
62%
Kreuzer Prinz Eugen
62%
Schlachtschiff Gneisenau
61%
Panzerschiff Admiral Graf Spee
41%
Kreuzer Admiral Hipper
41%
Panzerschiff Admiral Scheer
25%
Keine übereinstimmenden Quizze gefunden
Verteilung der Resultate
Anzahl Personen mit jedem Resultat
Perzentil nach korrekt beantworteten Fragen
Ihre Resultats-Entwicklung
Sie haben dieses Quiz noch nicht gespielt